| 000 | 00700nam a2200229 a 4500 | ||
|---|---|---|---|
| 001 | 85495 | ||
| 003 | BD-RjUL | ||
| 005 | 20250810150246.0 | ||
| 008 | 250810s1961 bg ||||| |||| 00| 0 ben d | ||
| 035 | _a(BD-RjUL)85495 | ||
| 040 |
_aBD-RjUL _beng _cBD-RjUL |
||
| 041 | _aeng | ||
| 082 |
_223 _a297 _bRAM 1961 |
||
| 100 |
_aরহমান, গোলাম _916548 |
||
| 245 |
_aমকছুদোল মো’মেনীন / _cগোলাম রহমান |
||
| 260 |
_aঢাকা : _bরহমানিয়া. _c১৯৬১ |
||
| 300 |
_aখণ্ড; _c২২ সেমি |
||
| 505 | 0 | 1 | _aখণ্ড. ৩য়-- |
| 650 | _aইসলাম | ||
| 650 | _aIslam | ||
| 942 |
_2ddc _cBK |
||
| 999 |
_c85495 _d85495 |
||